The Development and regulation of non-bank financial institutions / (Record no. 7063)
[ view plain ]
| 000 -LEADER | |
|---|---|
| fixed length control field | 00798nam a22002292 4500 |
| 001 - CONTROL NUMBER | |
| control field | 0000005760 |
| 005 - DATE AND TIME OF LATEST TRANSACTION | |
| control field | 20151217152005.0 |
| 008 - FIXED-LENGTH DATA ELEMENTS--GENERAL INFORMATION | |
| fixed length control field | 070716s xx 000 0 eng d |
| 020 ## - INTERNATIONAL STANDARD BOOK NUMBER | |
| International Standard Book Number | 0821348396 : |
| Terms of availability | KES 1,800 |
| 040 ## - CATALOGING SOURCE | |
| Original cataloging agency | KABU |
| Transcribing agency | KABU |
| 050 #0 - LIBRARY OF CONGRESS CALL NUMBER | |
| Classification number | HG195 |
| Item number | .C37 |
| 100 1# - MAIN ENTRY--PERSONAL NAME | |
| Personal name | Carmichael, Jeffrey. |
| -- | 0000156963 |
| 245 14 - TITLE STATEMENT | |
| Title | The Development and regulation of non-bank financial institutions / |
| Statement of responsibility, etc. | Jeffrey Carmichael, Michael Pomerleano. |
| 260 ## - PUBLICATION, DISTRIBUTION, ETC. (IMPRINT) | |
| Place of publication, distribution, etc. | Washington, DC : |
| Name of publisher, distributor, etc. | World Bank, |
| Date of publication, distribution, etc. | 2002. |
| 300 ## - PHYSICAL DESCRIPTION | |
| Extent | xv, 230 p. |
| 650 #0 - SUBJECT ADDED ENTRY--TOPICAL TERM | |
| Topical term or geographic name as entry element | Financial institutions |
| General subdivision | Developing countries. |
| -- | 0000156964 |
| 650 #0 - SUBJECT ADDED ENTRY--TOPICAL TERM | |
| Topical term or geographic name as entry element | Insurance companies |
| Geographic subdivision | Developing countries. |
| -- | 0000156965 |
| 700 1# - ADDED ENTRY--PERSONAL NAME | |
| Personal name | Pomerleano, Michael. |
| -- | 0000156966 |
| 908 ## - PUT COMMAND PARAMETER (RLIN) | |
| Put command parameter | 070716 |
| 950 ## - LOCAL HOLDINGS (RLIN) | |
| -- | 1 |
| Withdrawn status | Lost status | Source of classification or shelving scheme | Not for loan | Home library | Current library | Date acquired | Total Checkouts | Full call number | Barcode | Date last seen | Date last checked out | Price effective from | Koha item type |
|---|---|---|---|---|---|---|---|---|---|---|---|---|---|
| Library of Congress Classification | Kabarak, Main Campus | Kabarak, Main Campus | 17/12/2015 | 1 | HG195 .C37 | 005360 | 25/03/2017 | 25/02/2017 | 17/12/2015 | General Collection |